000 00789nam a2200265Ia 4500
003 OSt
005 20220923215759.0
006 a|||||r|||| 00| 0
007 ta
008 220922b |||||||| |||| 00| 0 hin d
020 _c25
024 _a181,731
037 _cTextual
040 _aARTS
_cARTS
_bhin
041 _2hin
_ahin
082 _aO152,1N351x, M0
100 _aविजेन्द्र
245 0 _aये आकृतियां
246 _aYe ākṛutiyāan
260 _aदिल्ली
_b कोणार्क प्रकाशन
_c1980
300 _a95 पृ.
_ccm.
650 _aहिन्दी साहित्य
_9156264
942 _hO152,1N351x, M0
_cTEXL
_2CC
999 _c335108
_d335108